000 03148nam a22002537a 4500
999 _c22247
_d22247
003 DO-CoUTE
005 20230107104145.0
008 230107b dr ||||| |||| 00| 0 spa d
040 _aDO-CoUTE
_bspa
_cDO-CoUTE
041 _aspa
090 _aGCE 2022 L36
100 1 _aDe león Guzmán, Juan Bautista
_qsustentante
245 1 0 _aGestión de recursos financieros en el ámbito curricular y administrativo en los Centros Educativos del nivel primario del Distrito 16-03 /
_cJuan Bautista De león Guzmán ; asesor Gerson José Frías Villanueva
260 _aCotuí, República Dominicana :
_bUTECO,
_c2022
300 _axi, 61 hojas :
_bIlustraciones ;
_c28cm.
_e+ 1 CD-ROM
502 _aTesis (Maestría en Gestión de Centros Educativos) -- Universidad Tecnológica del Cibao Oriental, 2022
504 _aIncluye referencia bibliográfica e índice
520 _aEste estudio permitió analizar la gestión de recursos financieros en el ámbito curricular y administrativo en los centros educativos del nivel primario del distrito 16-03 Los recursos trasferidos a los centros educativos llegan con mucha tardanza lo que hace que tengan poca incidencia en la mejora de la calidad de la gestión administrativa y pedagógica alcanzando niveles bajos de logros en cuento a su misión y los objetivos estratégicos definidos en su Proyecto Educativo de Centro. Es conveniente esta investigación, porque de esta surgirán posibles soluciones al tema sujeto de estudio. Una de las razones básicas que motivó a la realización de esta investigación es que hoy en día los centros educativos, presentan algunas dificultades en cuanto a la administración, especialmente por la tardanza al recibir de las necesidades que existen en los centros, provocando entonces, diversas deficiencias tanto en la planificación docente como en el aprendizaje significativo de los estudiantes Para la recolección de las informaciones se utilizó un cuestionario por la facilidad de su tratamiento, para aplicarlo a los profesores, los miembros del equipo de gestión y a los miembros de las juntas descentralizadas, cuyo instrumento fue elaborado por el sustentante del proyecto. El mismo se someterá a un proceso de revisión por parte del asesor y posteriormente a los jurados para que puedan ofrecer las sugerencias de mejora que consideren de lugar. Los resultados muestran que la trasferencia de recursos financieros del Ministerio de Educación en el ámbito curricular y administrativo en los centros educativos del Nivel Primario contribuye con la mejora de la planta física, equipamiento de la misma y permite la capacitación al personal administrativo y que cada año se ejecuta la Planificación Operativa Anual programada con los recursos financieros transferido a los centros educativos del Nivel Primario del distrito 16-03.
650 4 _aRecursos financier0s - Centros Educativos
700 1 _aFrías Villanueva, Gerson José
_easesor
830 _aTesis y disertaciones académicas (Universidad Tecnológica del Cibao Oriental)
856 _yHaga Click Aquí para Descargar en Texto Completo
942 _2LC
_cTH